000 01192pam a2200325 a 4500
001 2580808
003 OSt
005 20180423191438.0
008 960822m19972003nyua b 001 0 eng
010 _a 96036411
020 _a0387948333
020 _a0387986138
040 _aDLC
_cDLC
_dDLC
050 0 0 _aT57.74
_b.D365 1997
082 0 0 _a519.72
_220
_bLIN 2003
100 1 _aDantzig, George B.; Mukund N. Thapa.
_d1914-2001.
_92547
245 1 0 _aLinear Programming
260 _aNew York :
_bSpringer,
_c2003.
300 _a2 v. :
_bill. ;
_c24 cm. +
_e1 computer laser optical disc (4 3/4 in.)
504 _aIncludes bibliographical references and indexes.
505 1 _a1. Introduction -- 2. Theory and extensions.
538 _aSystem requirements for accompanying computer disc: Windows 3.1; Windows 95.
650 0 _aLinear programming.
_92549
650 0 _aMathematics
_9810
856 4 2 _3Publisher description
_uhttp://www.loc.gov/catdir/enhancements/fy0812/96036411-d.html
856 4 1 _3Table of contents only
_uhttp://www.loc.gov/catdir/enhancements/fy0812/96036411-t.html
906 _a7
_bcbc
_corignew
_d1
_eocip
_f19
_gy-gencatlg
942 _2ddc
_cSLOAN
999 _c945
_d945